| 000 | nam a22 7a 4500 | ||
|---|---|---|---|
| 999 |
_c76370 _d76370 |
||
| 020 | _a0375412301 | ||
| 040 | _aminrel | ||
| 041 | _aeng | ||
| 080 |
_a327(73) _bR959 2001 |
||
| 100 | 1 | 0 | _aMead, Walter |
| 245 | 1 | 0 |
_aSpecial providence _b: American foreign policy and how it changed the world |
| 260 |
_aNew York _bAlfred A. Knopf _c2001 |
||
| 300 | _a374 p. | ||
| 520 | _aFrom one of our leading experts on foreign policy, a full-scale reinterpretation of America's dealings--from its earliest days--with the rest of the world. It is Walter Russell Mead's thesis that the United States, by any standard, has had a more successful foreign policy than any of the other great powers that we have faced--and faced down. Beginning as an isolated string of settlements at the edge of the known world, this country--in two centuries--drove the French and the Spanish out of North America; forced Britain, then the world's greatest empire, to respect American interests; dominated coalitions that defeated German and Japanese bids for world power; replaced the tottering British Empire with a more flexible and dynamic global system built on American power; triumphed in the Cold War; and exported its language, culture, currency, and political values throughout the world | ||
| 650 |
_aRELACIONES EXTERIORES _91917 |
||
| 650 |
_aPOLITICA EXTERIOR _91767 |
||
| 650 |
_aFILOSOFIA _9875 |
||
| 651 | _aESTADOS UNIDOS | ||
| 942 | _cBK | ||